| 000 | 00600nam a2200217 a 4500 | ||
|---|---|---|---|
| 005 | 20140310183520.0 | ||
| 008 | 110802s19uu xx 00 eng d | ||
| 020 | _a9780070670402 | ||
| 050 |
_aHF 5547 _b.B171 2010 |
||
| 100 | _aBalachandran, V. | ||
| 245 |
_aOffice management / _cV Balanchandaran. |
||
| 260 |
_aNew Delhi : _bMcGraw-Hill, _c2009. |
||
| 300 |
_a258 p. : _c25 cm. |
||
| 521 | _aBSBA | ||
| 650 | _aPaperwork ( office practice)- mANAGEMENT. | ||
| 650 | _aOffice management. | ||
| 700 | _aV. Chandrasekaran | ||
| 942 |
_cBK _2lcc _kFOR |
||
| 999 |
_c24391 _d24391 |
||